000 00486pab a2200169 454500
008 180718b2006 xxu||||| |||| 00| 0 eng d
100 _aAnandhi, S.
245 _aMaking it relevant: mapping the meaning of women's studies in Tamil Nadu
260 _c2006
300 _ap.4444-454.
362 _a21 Oct
650 _aWomen's studies - India - Tamil Nadu
650 _aWomen's studies
700 _aSwaminathan, Padmini
773 _aEconomic and Political Weekly
909 _a72268
999 _c72268
_d72268